000 00904cam a2200241 a 4500
001 000014250
005 20200929163535.0
008 870415s1987 mx a b 000 0 spa
020 _a9681317696
040 _aDO-SdBNP
_bspa
_cLC
_dBNPHU
082 _a381.0985
_bS718ó
100 1 _aSoto, Hernando de,
_d1941-
_932176
245 1 3 _aEl otro sendero :
_bla revolución informal /
_cHernando de Soto ; colaboración Enrique Ghersi, Mario Ghibellini y el Instituto Libertad y Democracia (ILD) ; prólogo Mario Vargas Llosa.
260 _aMéxico, D. F. :
_bDiana,
_c1987.
300 _axxxvi, 317 p. :
_bil. ;
_c24 cm.
651 4 _aPerú
_xComercio
_932177
650 4 _aEconomía informal
_zPerú
_932178
700 1 _aGhersi, Enrique.
_932179
700 1 _aGhibellini, Mario.
_932180
710 1 _aInstituto Libertad y Democracia (Lima, Peru)
_932181
910 _aCatalogación derivada
049 _aBNGR
999 _c13848
_d13848